| 000 | 00509nam a22001817a 4500 | ||
|---|---|---|---|
| 003 | NUST | ||
| 008 | 231201b ||||| |||| 00| 0 eng d | ||
| 020 | _a- | ||
| 082 |
_a928.914391 _bMAL |
||
| 100 |
_aMalik, Nadeem Shafiq Dr. _9457 |
||
| 245 | _aThe USA, CANADA and the Quaid-i-Azam Muhammad Ali Jinnah | ||
| 250 | _a1st | ||
| 260 |
_aKarachi _bFiction House _c2015 |
||
| 300 | _a187 p. | ||
| 500 | _aIncludes index. | ||
| 650 |
_aJinnah, Muhammad Ali 1876-1948---Bibliography _9119430 |
||
| 942 |
_cBK _2ddc |
||
| 999 |
_c13563 _d13563 |
||